000 00650nam a2200277Ia 4500
005 20260324143338.0
008 008 260324s9999 xx 000 0 eng d
020 _a9781315846293
037 _aEBOOK
040 _aCRL
040 _beng
040 _cCRL
041 _2eng
041 _aeng
084 _qCRL
100 _aFrank J. Coppa
_91203525
245 4 _aThe Origins of the Italian Wars of Independence
260 _bTaylor and Francis
260 _c1992
365 _a
365 _b265
856 _uhttp://www.taylorfrancis.com/books/9781315846293
942 _cEBOOK
999 _c1820578
_d1820578